Cuentos del litoral /
Guardado en:
| Otros Autores: | |
|---|---|
| Formato: | Libro |
| Idioma: | Spanish |
| Publicado: |
Buenos Aires :
Ediciones Culturales Argentinas,
1959.
|
| Etiquetas: |
Agregar Etiqueta
Sin Etiquetas, Sea el primero en etiquetar este registro!
|
| LEADER | 00446nam a22001455a 4500 | ||
|---|---|---|---|
| 001 | EUN.um050921 | ||
| 003 | AR-BaUNS | ||
| 005 | 20050623122917.0 | ||
| 008 | 041125s1959####ag############000#0#spa#d | ||
| 245 | 0 | 0 | |a Cuentos del litoral / |c Rosa Troiani. |
| 260 | |a Buenos Aires : |b Ediciones Culturales Argentinas, |c 1959. | ||
| 300 | |a 155 p. | ||
| 700 | 1 | |a Troiani, Rosa |e compilación. | |
| 082 | 0 | 4 | |a A863.08 |
| 859 | |a Ar-BaUNS |b BIB. CENTRAL - Sector C |h A863.08 |i T746 |p 2622/962 | ||
